书目信息 |
| 题名: |
二点七刻
|
|
| 作者: | 陈默 著 | |
| 分册: | ||
| 出版信息: | 北京 知识出版社 2003.09 |
|
| 页数: | 226页 | |
| 开本: | 21cm | |
| 丛书名: | ||
| 单 册: | ||
| 中图分类: | I247.57 | |
| 科图分类: | ||
| 主题词: | 长篇小说--chang pian xiao shuo--中国--现代 | |
| 电子资源: | ||
| ISBN: | 7-5015-3922-7 | |
| 000 | 00746nam0 2200229 450 | |
| 001 | 012008798302 | |
| 005 | 20080322085304.95 | |
| 010 | @a7-5015-3922-7@dCNY12.80 | |
| 100 | @a20080320d2003 km y0chiy0121 ea | |
| 101 | 0 | @achi |
| 102 | @aCN@b110000 | |
| 105 | @aa z 000ay | |
| 106 | @ar | |
| 200 | 1 | @a二点七刻@Aer dian qi ke@f陈默著 |
| 210 | @a北京@c知识出版社@d2003.09 | |
| 215 | @a226页@c图@d21cm | |
| 330 | @a本小说以上海一个普通高校的校园生活为背景,既流露出对校园生活的留恋与回忆,又有对它的不满,真实反映了80年代出生的大学生的人生态度和生活方式。 | |
| 606 | 0 | @a长篇小说@Achang pian xiao shuo@y中国@z现代 |
| 690 | @aI247.57@v4 | |
| 701 | 0 | @a陈默@Achen mo@4著 |
| 801 | 0 | @aCN@bQSSK@c20080322 |
| 905 | @b20288711-14@dI247.57@eC516@f4 | |
| 二点七刻/陈默著.-北京:知识出版社,2003.09 |
| 226页:图;21cm |
| ISBN 7-5015-3922-7:CNY12.80 |
| 本小说以上海一个普通高校的校园生活为背景,既流露出对校园生活的留恋与回忆,又有对它的不满,真实反映了80年代出生的大学生的人生态度和生活方式。 |
| ● |
| 相关链接 |
|
|
|
正题名:二点七刻
索取号:I247.57/C516
 
预约/预借
| 序号 | 登录号 | 条形码 | 馆藏地/架位号 | 状态 | 备注 |
| 1 | 288711 | 202887117 | 社科二线400B/400B社科库 15排2列3层/ [索取号:I247.57/C516] | 在馆 | |
| 2 | 288712 | 202887126 | 自科二线404/108文学库 47排2列3层/ [索取号:I247.57/C516] | 在馆 | |
| 3 | 288713 | 202887135 | 社科二线400B/400B社科库 15排2列3层/ [索取号:I247.57/C516] | 在馆 | |
| 4 | 288714 | 202887144 | 自科二线404/108文学库 47排2列3层/ [索取号:I247.57/C516] | 在馆 |